| 000 | 00466pab a2200181 454500 | ||
|---|---|---|---|
| 008 | 180718b2011 xxu||||| |||| 00| 0 eng d | ||
| 100 | _aLight, Ryan | ||
| 245 | _aRacial discrimination | ||
| 260 | _c2011 | ||
| 300 | _ap.39-59. | ||
| 362 | _aMar | ||
| 650 | _aRacial discrimination | ||
| 700 | _aKalev, Alexandra | ||
| 700 | _aRoscigno, Vincent J. | ||
| 773 | _aAnnals of the American Academy of Political and Social Science | ||
| 908 | _aN | ||
| 909 | _a91032 | ||
| 999 |
_c91032 _d91032 |
||